[Event "SVM_Verbandsliga_West_2023-24"]
[Site "?"]
[Date "2023.11.05"]
[Round "3.1"]
[White "Kellerwessel, Ralf"]
[Black "Sautter, Joshua"]
[Result "0-1"]
[WhiteElo "1895"]
[BlackElo "2031"]
[PlyCount "78"]
[EventDate "2023.11.05"]
[WhiteTeam "Tigerli Aachen 1"]
[BlackTeam "SV Lendersdorf 1"]

1. c4 c6 2. e4 d5 3. cxd5 cxd5 4. exd5 Nf6 5. Nc3 Nxd5 6. Nf3 g6 7. Qa4+ Bd7 8. Bb5 Nb6 9. Qd4 f6 10. O-O Nc6 11. Qe4 Bg7 12. Re1 a6 13. Bf1 O-O 14. b3 e5 15. Ba3 Re8 16. Rac1 f5 17. Qh4 Bf6 18. Qh6 e4 19. Bc5 Bg7 20. Qf4 exf3 21. Qxf3 Kh8 22. h4 Qc7 23. Ne2 Ne5 24. Qg3 Qd8 25. Nf4 Bc6 26. d4 Ned7 27. Ne6 Qf6 28. Nxg7 Qxg7 29. Bb4 Nd5 30. Bd2 N7f6 31. Bd3 h6 32. Re5 Nh5 33. Qh2 Rxe5 34. dxe5 Re8 35. f4 Qc7 36. Be2 Qb6+ 37. Kf1 Ne3+ 38. Bxe3 Qxe3 39. Re1 Ng3+ 0-1

[Event "SVM_Verbandsliga_West_2023-24"]
[Site "?"]
[Date "2023.11.05"]
[Round "3.2"]
[White "Chraibi, Mohcine"]
[Black "Schuller, Bernd"]
[Result "0-1"]
[WhiteElo "1996"]
[BlackElo "1777"]
[PlyCount "106"]
[EventDate "2023.11.05"]
[WhiteTeam "SV Lendersdorf 1"]
[BlackTeam "Tigerli Aachen 1"]

1. e4 c5 2. Nf3 d6 3. d4 cxd4 4. Nxd4 Nf6 5. Nc3 a6 6. Bg5 e6 7. f4 Be7 8. Qf3 Qc7 9. O-O-O Nbd7 10. g4 b5 11. Bxf6 Bxf6 12. g5 Be7 13. f5 Ne5 14. Qh5 g6 15. Qh6 b4 16. Nce2 Ng4 17. Qh4 gxf5 18. exf5 exf5 19. Bg2 h6 20. Kb1 Rb8 21. Nc6 Bxg5 22. Qe1 Ne3 23. Nxb8 Qxc2+ 24. Ka1 O-O 25. Rc1 Qa4 26. Bc6 Nc2+ 27. Kb1 Nxe1 28. Bxa4 Bxc1 29. Kxc1 Nd3+ 30. Kb1 Nc5 31. Rd1 Nxa4 32. Rxd6 Re8 33. Nf4 Nc5 34. Nc6 Be6 35. Nh5 Ra8 36. Nxb4 Kh7 37. Rc6 Ne4 38. Nf4 Bd7 39. Rxa6 Rc8 40. a4 Nd2+ 41. Ka2 Rc4 42. Nfd3 Be6 43. Ka1 Rd4 44. Rb6 f4 45. Nf2 Ne4 46. Kb1 Nxf2 47. a5 Nd3 48. Nc2 Ra4 49. a6 Ba2+ 50. Ka1 Bc4+ 51. Kb1 Rxa6 52. Rb7 Ba2+ 53. Ka1 Bd5+ 0-1

[Event "SVM_Verbandsliga_West_2023-24"]
[Site "?"]
[Date "2023.11.05"]
[Round "3.3"]
[White "Wagner, Alfred"]
[Black "Voulon, Oliver"]
[Result "0-1"]
[WhiteElo "1754"]
[BlackElo "1950"]
[PlyCount "54"]
[EventDate "2023.11.05"]
[WhiteTeam "Tigerli Aachen 1"]
[BlackTeam "SV Lendersdorf 1"]

1. e4 c6 2. c4 d5 3. cxd5 cxd5 4. exd5 Nf6 5. Nc3 Nxd5 6. Bc4 e6 7. Nf3 Be7 8. O-O O-O 9. Re1 Re8 10. d4 a6 11. a4 b6 12. Ne5 Bb7 13. Qe2 Bf6 14. Bd3 g6 15. Ne4 Bg7 16. Nxf7 Kxf7 17. Bg5 Qd7 18. Qg4 Kg8 19. Rac1 Nc6 20. Bc4 Nxd4 21. Rcd1 Nf5 22. Bf4 Qxa4 23. Nd6 Nxf4 24. Qxf4 Qc6 25. Nxb7 Qxb7 26. Bxe6+ Kh8 27. Rd7 Qxd7 0-1

[Event "SVM_Verbandsliga_West_2023-24"]
[Site "?"]
[Date "2023.11.05"]
[Round "3.4"]
[White "Hinz, Holger"]
[Black "Greim, Roman"]
[Result "1/2-1/2"]
[WhiteElo "1931"]
[BlackElo "1776"]
[PlyCount "171"]
[EventDate "2023.11.05"]
[WhiteTeam "SV Lendersdorf 1"]
[BlackTeam "Tigerli Aachen 1"]

1. e4 e5 2. Nf3 Nc6 3. Bc4 Nf6 4. d4 exd4 5. O-O d6 6. Nxd4 Nxd4 7. Qxd4 Be7 8. Nc3 O-O 9. Bf4 Be6 10. Bxe6 fxe6 11. e5 c5 12. Qe3 Ng4 13. Qg3 h5 14. Ne2 dxe5 15. Bxe5 Bh4 16. Qc3 Bxf2+ 17. Rxf2 Rxf2 18. Nf4 Qd2 19. Qg3 Rxf4 20. Bxf4 Qd4+ 21. Kh1 Nf2+ 22. Kg1 Nh3+ 23. Kh1 Nxf4 24. c3 Qd2 25. Rf1 Rd8 26. h4 Qxg2+ 27. Qxg2 Nxg2 28. Kxg2 Rd2+ 29. Kf3 Rxb2 30. Rd1 Rxa2 31. Kf4 Rf2+ 32. Kg5 Rf5+ 33. Kg6 Rd5 34. Re1 Rf5 35. Rd1 Rf6+ 36. Kxh5 Kh7 37. Rd7 b6 38. Rxa7 Rf3 39. c4 Rc3 40. Rb7 Rxc4 41. Rxb6 Re4 42. Rc6 Re5+ 43. Kg4 Kg6 44. Rc7 Kf6 45. Kf4 Rd5 46. Ke4 Rd4+ 47. Ke3 Rxh4 48. Rxc5 Rh8 49. Kf4 Ra8 50. Rc4 Ra6 51. Rb4 Rd6 52. Rb8 Rd4+ 53. Ke3 Ke5 54. Rg8 Rg4 55. Ra8 Rg3+ 56. Kf2 Rb3 57. Rg8 Kf6 58. Rf8+ Ke7 59. Rg8 Kf7 60. Ra8 g5 61. Ra5 Kf6 62. Rc5 e5 63. Ra5 Kf5 64. Rc5 g4 65. Rc8 Rf3+ 66. Ke2 Kf4 67. Rf8+ Ke4 68. Rg8 Rf4 69. Rg7 Kf5 70. Rg8 Ra4 71. Rf8+ Ke4 72. Kf2 Ra3 73. Rg8 g3+ 74. Kg2 Rf3 75. Rg4+ Ke3 76. Ra4 e4 77. Ra8 Rf6 78. Ra3+ Ke2 79. Ra2+ Ke1 80. Ra1+ Kd2 81. Ra2+ Kd1 82. Ra1+ Kc2 83. Ra2+ Kd3 84. Ra3+ Kd4 85. Kxg3 e3 86. Ra4+ {(=)} 1/2-1/2

[Event "SVM_Verbandsliga_West_2023-24"]
[Site "?"]
[Date "2023.11.05"]
[Round "3.5"]
[White "Heiermann, Peter"]
[Black "Flatten, Arnold"]
[Result "0-1"]
[WhiteElo "1621"]
[BlackElo "2044"]
[PlyCount "90"]
[EventDate "2023.11.05"]
[WhiteTeam "Tigerli Aachen 1"]
[BlackTeam "SV Lendersdorf 1"]

1. d4 Nf6 2. c4 g6 3. Nc3 d5 4. Nf3 Bg7 5. cxd5 Nxd5 6. e4 Nxc3 7. bxc3 c5 8. Be3 Nc6 9. Bb5 cxd4 10. Nxd4 Bd7 11. Rc1 Ne5 12. Be2 Rc8 13. O-O O-O 14. Qb3 b6 15. Rfd1 Qc7 16. h3 Nc4 17. Bxc4 Qxc4 18. Qxc4 Rxc4 19. Ne2 Ba4 20. Rd2 Rxe4 21. c4 Rc8 22. Ng3 Re6 23. c5 Rec6 24. Rd7 Rxc5 25. Rxc5 Bxd7 26. Rxc8+ Bxc8 27. Ne4 f5 28. Nd2 e5 29. f3 Be6 30. a3 Bf8 31. Nb1 Kf7 32. Kf2 f4 33. Bc1 Bc5+ 34. Ke2 Bc4+ 35. Ke1 Ke6 36. Nc3 Bd3 37. Ne4 Bxe4 38. fxe4 b5 39. Kd2 Be3+ 40. Kc2 Bxc1 41. Kxc1 a5 42. Kb2 g5 43. Kc3 h5 44. Kb3 g4 45. hxg4 hxg4 0-1

[Event "SVM_Verbandsliga_West_2023-24"]
[Site "?"]
[Date "2023.11.05"]
[Round "3.6"]
[White "Grünich, Andreas"]
[Black "Schrader, Bernd"]
[Result "1-0"]
[WhiteElo "1826"]
[BlackElo "1529"]
[PlyCount "95"]
[EventDate "2023.11.05"]
[WhiteTeam "SV Lendersdorf 1"]
[BlackTeam "Tigerli Aachen 1"]

1. d4 Nf6 2. c4 g6 3. Nc3 d6 4. Nf3 Bg7 5. g3 O-O 6. Bg2 c6 7. O-O Bf5 8. Re1 Nbd7 9. Nh4 Bg4 10. h3 Bh5 11. g4 Nxg4 12. hxg4 Bxg4 13. Nf3 e5 14. d5 c5 15. Nh2 Bh5 16. Ne4 Nb6 17. Qb3 f5 18. Ng5 Qe7 19. Ne6 Rf7 20. Bd2 e4 21. Rac1 Re8 22. Bf4 Qd7 23. Nf1 Bh8 24. Ng3 Bg4 25. f3 exf3 26. exf3 Bh5 27. Nxh5 gxh5 28. Qc2 Na8 29. Re2 Bf6 30. Rce1 Bh4 31. Rd1 Nc7 32. Nxc7 Rxe2 33. Qxe2 Qxc7 34. Qe6 Be7 35. Bh3 Kf8 36. Rd2 Rf6 37. Qe3 Rg6+ 38. Kh1 Qd7 39. Qd3 Bg5 40. Bxf5 Qe7 41. Re2 Qf6 42. Bxg6 Bxf4 43. Qf5 Kg7 44. Qxf6+ Kxf6 45. Bxh7 Be5 46. Kg2 Kg5 47. b3 Kf4 48. Re4+ 1-0

[Event "SVM_Verbandsliga_West_2023-24"]
[Site "?"]
[Date "2023.11.05"]
[Round "3.7"]
[White "Terlaak, Michael"]
[Black "Liebe, Uwe"]
[Result "1/2-1/2"]
[WhiteElo "1511"]
[BlackElo "1786"]
[PlyCount "71"]
[EventDate "2023.11.05"]
[WhiteTeam "Tigerli Aachen 1"]
[BlackTeam "SV Lendersdorf 1"]

1. d4 e6 2. c4 d5 3. Nc3 Nf6 4. Bg5 Be7 5. Nf3 Nbd7 6. e3 O-O 7. cxd5 exd5 8. Bd3 h6 9. Bh4 c6 10. O-O Ne8 11. Bg3 Nd6 12. Re1 f5 13. Ne5 Nxe5 14. Bxe5 Qe8 15. f4 Ne4 16. g3 Qg6 17. Re2 Qg4 18. Rg2 Qxd1+ 19. Rxd1 Bf6 20. Bxf6 Rxf6 21. a3 Bd7 22. Na4 Re8 23. Re1 Rfe6 24. Rge2 b6 25. Kg2 g6 26. Nc3 Nf6 27. Kf3 Kf7 28. h3 c5 29. Bb5 Bxb5 30. Nxb5 R8e7 31. Nc3 a6 32. Nd1 cxd4 33. exd4 Rxe2 34. Rxe2 Rxe2 35. Kxe2 Ne4 36. Kf3 1/2-1/2

[Event "SVM_Verbandsliga_West_2023-24"]
[Site "?"]
[Date "2023.11.05"]
[Round "3.8"]
[White "Diel, Alexander"]
[Black "von Nobbe, David"]
[Result "1-0"]
[WhiteElo "1793"]
[BlackElo "1969"]
[PlyCount "105"]
[EventDate "2023.11.05"]
[WhiteTeam "SV Lendersdorf 1"]
[BlackTeam "Tigerli Aachen 1"]

1. b4 e5 2. Bb2 d6 3. b5 a6 4. a4 Nf6 5. c4 Be7 6. e3 e4 7. Nc3 O-O 8. Nge2 axb5 9. axb5 Rxa1 10. Qxa1 Nbd7 11. Ng3 Nc5 12. Qb1 b6 13. Ncxe4 Ncxe4 14. Nxe4 Bb7 15. Nxf6+ Bxf6 16. d4 Re8 17. d5 Bxb2 18. Qxb2 Qg5 19. Qd4 Qg6 20. Qd3 Qf6 21. Be2 Bc8 22. O-O Qb2 23. Rb1 Qa2 24. h3 Bd7 25. Bd1 Ra8 26. Qc2 Qa5 27. Bg4 Bxg4 28. hxg4 Qa3 29. Qe4 Qc3 30. Rd1 g6 31. Qd4 Qc2 32. Qd3 Qb2 33. Rb1 Qf6 34. Qd2 Ra3 35. Qb2 Qxb2 36. Rxb2 Ra1+ 37. Kh2 Rc1 38. Rb4 g5 39. Ra4 Kg7 40. Kg3 Kf6 41. f4 h6 42. Kf3 Rf1+ 43. Ke4 Rg1 44. Ra7 Rxg2 45. Kf3 Rc2 46. Rxc7 Rc3 47. Rc6 Ke7 48. Ke4 gxf4 49. exf4 Rg3 50. Kf5 Rc3 51. Rc7+ Kd8 52. Rxf7 Rxc4 53. Ke6 1-0

[Event "SVM_Verbandsliga_West_2023-24"]
[Site "?"]
[Date "2023.11.05"]
[Round "3.1"]
[White "Yeritsyan, Artur"]
[Black "Weinkauf, Viktor"]
[Result "1-0"]
[WhiteElo "1863"]
[BlackElo "1886"]
[PlyCount "37"]
[EventDate "2023.11.05"]
[WhiteTeam "Brühler SK 3"]
[BlackTeam "Aachener SV 3"]

1. c4 e5 2. g3 c6 3. d4 e4 4. Nc3 d5 5. cxd5 cxd5 6. Qb3 Ne7 7. Bf4 a6 8. f3 f5 9. fxe4 fxe4 10. Nh3 Nbc6 11. e3 h6 12. Rd1 Na5 13. Qc2 Bg4 14. Rc1 Qd7 15. Nf2 Bf3 16. Bh3 Qc6 17. O-O Rg8 18. Ng4 Qd7 19. Nf6+ 1-0

[Event "SVM_Verbandsliga_West_2023-24"]
[Site "?"]
[Date "2023.11.05"]
[Round "3.2"]
[White "Ucaroglu, Melih Furkan"]
[Black "Heuser, Friedhelm"]
[Result "0-1"]
[WhiteElo "1929"]
[BlackElo "2007"]
[PlyCount "120"]
[EventDate "2023.11.05"]
[WhiteTeam "Aachener SV 3"]
[BlackTeam "Brühler SK 3"]

1. e4 e5 2. Nf3 Nc6 3. Bc4 Nf6 4. d3 Bc5 5. c3 d6 6. O-O O-O 7. Re1 Be6 8. Bb5 Ne7 9. d4 exd4 10. cxd4 Bb6 11. Nc3 c6 12. Ba4 Ng6 13. h3 h6 14. Be3 Qc7 15. Bc2 Rad8 16. a3 a6 17. Qd2 Kh7 18. Rad1 Rfe8 19. Qc1 Ba7 20. Nd2 Kg8 21. f4 Bc8 22. Nf3 Bb8 23. f5 Nf8 24. e5 dxe5 25. dxe5 Rxd1 26. Qxd1 Rxe5 27. Nxe5 Qxe5 28. Qf3 N8h7 29. Kf1 Qh2 30. Ke2 Ng5 31. Bxg5 hxg5 32. Kd1 Bg3 33. Rf1 Be5 34. Ne4 Nd5 35. Kc1 f6 36. Kb1 Qf4 37. Qxf4 Bxf4 38. g3 Be5 39. Nc5 Bxg3 40. Rf3 Bd6 41. Nb3 Nf4 42. Re3 Kf7 43. Na5 c5 44. Be4 b5 45. Nc6 c4 46. Nb4 g6 47. fxg6+ Nxg6 48. Bd5+ Kf8 49. Be6 Bb7 50. Bf5 Ne5 51. Nc2 Kf7 52. Re1 Bc5 53. Rd1 Ke7 54. Nd4 Nd3 55. Ne6 Bd6 56. Nd4 Be5 57. Bxd3 cxd3 58. Nb3 Bf3 59. Re1 Kd6 60. Re3 Be2 0-1

[Event "SVM_Verbandsliga_West_2023-24"]
[Site "?"]
[Date "2023.11.05"]
[Round "3.3"]
[White "Dilger, Jan"]
[Black "Masic, Almir"]
[Result "1-0"]
[WhiteElo "1891"]
[BlackElo "1941"]
[PlyCount "77"]
[EventDate "2023.11.05"]
[WhiteTeam "Brühler SK 3"]
[BlackTeam "Aachener SV 3"]

1. e4 c5 2. Nf3 e6 3. d4 cxd4 4. Nxd4 Nc6 5. Be3 Nf6 6. Nc3 Bb4 7. Nxc6 bxc6 8. e5 Nd5 9. Bd2 Qc7 10. Nxd5 Bxd2+ 11. Qxd2 cxd5 12. f4 Rb8 13. O-O-O Qb6 14. b3 O-O 15. Qd4 Qa5 16. Kb2 Rb4 17. Qd2 Qb6 18. a3 Re4 19. Bd3 Re3 {(=)} 20. Qb4 f6 21. Rhe1 Rxe1 22. Rxe1 Qc7 23. Re3 Bb7 24. exf6 Rxf6 25. Qe7 Qxf4 26. Rh3 h6 27. Rg3 g5 28. Qe8+ Kg7 29. Qxd7+ Rf7 30. Qxe6 Rf6 31. Qe2 d4 32. Qe7+ Rf7 33. Qc5 Ba8 34. Bc4 Rc7 35. Qb5 Bc6 36. Qb8 Kg6 37. Qg8+ Rg7 38. Bd3+ Kf6 39. Qf8+ 1-0

[Event "SVM_Verbandsliga_West_2023-24"]
[Site "?"]
[Date "2023.11.05"]
[Round "3.4"]
[White "Roefe, Detlef"]
[Black "Neuens, Heiko"]
[Result "1/2-1/2"]
[WhiteElo "1887"]
[BlackElo "1872"]
[PlyCount "65"]
[EventDate "2023.11.05"]
[WhiteTeam "Aachener SV 3"]
[BlackTeam "Brühler SK 3"]

1. e4 Nf6 2. Nc3 d5 3. e5 Ne4 4. d4 Nxc3 5. bxc3 c5 6. Nf3 Bf5 7. Be2 e6 8. Rb1 Qc7 9. Nh4 Bg6 10. Nxg6 hxg6 11. O-O Nc6 12. Ba3 b6 13. Bb5 a6 14. Bxc6+ Qxc6 15. dxc5 Bxc5 16. Bxc5 Qxc5 17. Qd4 Qxd4 18. cxd4 b5 19. a4 bxa4 20. Rb4 O-O 21. Rxa4 Rfc8 22. Rc1 g5 23. Kf1 Rc6 24. Ke2 Rac8 25. Kd2 Rc4 26. Rxc4 Rxc4 27. Kd3 Ra4 28. f3 Ra3+ 29. Kd2 Kh7 30. Rb1 Kg6 31. Ke2 Ra2 32. Kd3 Ra3+ 33. Ke2 1/2-1/2

[Event "SVM_Verbandsliga_West_2023-24"]
[Site "?"]
[Date "2023.11.05"]
[Round "3.5"]
[White "Vladimirow, Anguel"]
[Black "Thiemann, Marc"]
[Result "0-1"]
[WhiteElo "1856"]
[BlackElo "1871"]
[PlyCount "108"]
[EventDate "2023.11.05"]
[WhiteTeam "Brühler SK 3"]
[BlackTeam "Aachener SV 3"]

1. e4 c5 2. f4 d5 3. e5 Nc6 4. Nf3 Bg4 5. Be2 e6 6. Ng5 Bxe2 7. Qxe2 h6 8. Nf3 Nge7 9. g4 Ng6 10. d3 Nh4 11. Be3 h5 12. g5 Nxf3+ 13. Qxf3 g6 14. Nd2 Nb4 15. Qd1 Qb6 16. a3 d4 17. axb4 dxe3 18. Nc4 Qc6 19. O-O cxb4 20. Nxe3 Bc5 21. d4 Qe4 22. dxc5 Qxe3+ 23. Rf2 Qxc5 24. c3 bxc3 25. Rc1 Rd8 26. Qf3 cxb2 27. Rxc5 b1=Q+ 28. Kg2 O-O 29. Rc7 Rd5 30. Rfc2 Qb6 31. Qc3 Rfd8 32. Rc8 Rxc8 33. Qxc8+ Rd8 34. Qc4 Qe3 35. Re2 Qd3 36. Rc2 Qxc4 37. Rxc4 a5 38. Kf3 b5 39. Rc5 Rb8 40. f5 gxf5 41. g6 a4 42. Kf4 a3 43. Kg5 a2 44. Rc1 b4 45. Kf6 fxg6 46. Kxg6 b3 47. Rc7 a1=Q 48. Rg7+ Kf8 49. Rf7+ Ke8 50. Kf6 Qxe5+ 51. Kg6 Rb4 52. Ra7 Rg4+ 53. Kh7 Qf6 54. Ra8+ Kd7 0-1

[Event "SVM_Verbandsliga_West_2023-24"]
[Site "?"]
[Date "2023.11.05"]
[Round "3.6"]
[White "Hinz, Laszlo"]
[Black "Esser, Heinz"]
[Result "1-0"]
[WhiteElo "1774"]
[BlackElo "1630"]
[PlyCount "41"]
[EventDate "2023.11.05"]
[WhiteTeam "Aachener SV 3"]
[BlackTeam "Brühler SK 3"]

1. e4 d5 2. exd5 Qxd5 3. Nc3 Qa5 4. Nf3 Bf5 5. Bc4 e6 6. O-O Nf6 7. a3 c6 8. b4 Qc7 9. Bb2 Nbd7 10. Re1 Be7 11. Ne2 h6 12. Ng3 Bh7 13. Nd4 Nf8 14. d3 O-O-O 15. Qe2 Kb8 16. Ndf5 Bxf5 17. Nxf5 exf5 18. Qxe7 Qxe7 19. Rxe7 Rd7 20. Rae1 Ne6 21. Bxf6 1-0

[Event "SVM_Verbandsliga_West_2023-24"]
[Site "?"]
[Date "2023.11.05"]
[Round "3.7"]
[White "Kronseder, Michael"]
[Black "Yanes, Adrian"]
[Result "1/2-1/2"]
[WhiteElo "1553"]
[BlackElo "1679"]
[PlyCount "122"]
[EventDate "2023.11.05"]
[WhiteTeam "Brühler SK 3"]
[BlackTeam "Aachener SV 3"]

1. e4 d5 2. exd5 Nf6 3. Bb5+ Bd7 4. Bc4 Bg4 5. Be2 Bxe2 6. Qxe2 Qxd5 7. Nf3 Nc6 8. Nc3 Qd7 9. d3 e6 10. Bf4 Bb4 11. O-O Bxc3 12. bxc3 Nd5 13. Bd2 O-O 14. Rab1 b6 15. c4 Nde7 16. Bc3 Nf5 17. Qe4 Rad8 18. Ne5 Nxe5 19. Qxe5 c5 20. Rfe1 Nd4 21. Qg3 Qd6 22. Qxd6 Rxd6 23. Rb2 Rfd8 24. Bd2 f6 25. a4 Kf7 26. a5 e5 27. axb6 Rxb6 28. Reb1 Rdb8 29. Rxb6 Rxb6 30. Rxb6 axb6 31. c3 Nc6 32. Kf1 Ke6 33. Ke2 Kd7 34. f4 exf4 35. Bxf4 Na5 36. Ke3 Kc6 37. Ke4 g6 38. g4 Nb7 39. d4 cxd4 40. cxd4 Na5 41. d5+ Kd7 42. Kd3 Nb7 43. Be3 Kc7 44. Kd4 Nc5 45. Bf4+ Kd7 46. Bh6 Nb7 47. Bf8 Nd8 48. c5 bxc5+ 49. Kxc5 Nf7 50. Kd4 Ne5 51. h3 Nf3+ 52. Ke3 Ng5 53. h4 Nf7 54. Kf4 Nd8 55. Bb4 Nf7 56. Bc3 Kd6 57. Ke4 Nh6 58. Bb4+ Kd7 59. Kf4 f5 60. gxf5 Nxf5 61. h5 Ne7 {(=)} 1/2-1/2

[Event "SVM_Verbandsliga_West_2023-24"]
[Site "?"]
[Date "2023.11.05"]
[Round "3.8"]
[White "Hermann, David"]
[Black "Botvinnik, Alexey"]
[Result "1-0"]
[WhiteElo "1753"]
[BlackElo "1689"]
[PlyCount "77"]
[EventDate "2023.11.05"]
[WhiteTeam "Aachener SV 3"]
[BlackTeam "Brühler SK 3"]

1. e4 e5 2. Nf3 Nc6 3. Bb5 a6 4. Ba4 Nf6 5. O-O d6 6. Re1 Be7 7. c3 b5 8. Bc2 O-O 9. h3 Bb7 10. d4 Re8 11. Nbd2 Rb8 12. Nf1 Bf8 13. Ng3 g6 14. Bg5 h6 15. Be3 Bg7 16. Qd2 Kh7 17. Rad1 Qe7 18. d5 Na5 19. b3 Ba8 20. Nf1 Nb7 21. b4 Rbc8 22. a4 c5 23. axb5 axb5 24. Ra1 Qc7 25. Bd3 c4 26. Bc2 Qd7 27. Ra7 Nh5 28. Rea1 Nf4 29. Ng3 Bf6 30. Bxf4 exf4 31. Ne2 Be5 32. Ned4 g5 33. R1a5 g4 34. Nxe5 dxe5 35. Nf5 gxh3 36. R5a6 Rh8 37. Qe2 Qe8 38. Rxh6+ Kg8 39. Qg4+ 1-0

[Event "SVM_Verbandsliga_West_2023-24"]
[Site "?"]
[Date "2023.12.10"]
[Round "4.1"]
[White "Yeritsyan, Artur"]
[Black "Huhndorf, Arnold"]
[Result "0-1"]
[WhiteElo "1863"]
[BlackElo "2203"]
[PlyCount "74"]
[EventDate "2023.09.03"]
[EventType "team-tourn"]
[EventRounds "9"]
[EventCountry "GER"]
[WhiteTeam "Brühler SK 3"]
[BlackTeam "Turm Bergheim 1"]

1. c4 g6 2. g3 Bg7 3. Bg2 c5 4. Nc3 Nc6 5. d3 e6 6. e4 Nge7 7. Nge2 O-O 8. O-O d6 9. Be3 b6 10. d4 e5 11. dxe5 dxe5 12. Nd5 Nxd5 13. cxd5 Nd4 14. Nc3 f5 15. exf5 gxf5 16. Qh5 Bb7 17. Bg5 Qe8 18. Qh4 Qg6 19. a4 Rf7 20. a5 b5 21. a6 Bc8 22. d6 e4 23. Be7 Bf6 24. Bxf6 Qxf6 25. Qh5 Qxd6 26. Rfe1 Bxa6 27. Nxe4 fxe4 28. Bxe4 Bb7 29. b4 Qf6 30. Qg4+ Kf8 31. Bxb7 Rxb7 32. Re4 Ne2+ 33. Kg2 Qxa1 34. Qf5+ Rf7 35. Qxc5+ Kg8 36. Rxe2 Qf6 37. Re4 Qf3+ 0-1

[Event "SVM_Verbandsliga_West_2023-24"]
[Site "?"]
[Date "2023.12.10"]
[Round "4.2"]
[White "Härtel, Stephan"]
[Black "Heuser, Friedhelm"]
[Result "1/2-1/2"]
[WhiteElo "1958"]
[BlackElo "2007"]
[PlyCount "49"]
[EventDate "2023.09.03"]
[EventType "team-tourn"]
[EventRounds "9"]
[EventCountry "GER"]
[WhiteTeam "Turm Bergheim 1"]
[BlackTeam "Brühler SK 3"]

1. e4 e5 2. Nf3 Nc6 3. d4 exd4 4. Nxd4 Nf6 5. Nxc6 bxc6 6. e5 Nd5 7. c4 Nb6 8. Bd3 d5 9. exd6 Bxd6 10. Be3 Be5 11. Nc3 O-O 12. O-O Be6 13. Qe2 Bd4 14. Rfd1 c5 15. Rac1 Qh4 16. Ne4 Rfe8 17. g3 Qe7 18. Bxd4 cxd4 19. Nd2 c5 20. Re1 Nd7 21. f4 Qf8 22. Qh5 g6 23. Qf3 f5 24. b3 Qd6 25. h3 {(=)} 1/2-1/2

[Event "SVM_Verbandsliga_West_2023-24"]
[Site "?"]
[Date "2023.12.10"]
[Round "4.3"]
[White "Neuens, Heiko"]
[Black "Bergmann, Thomas"]
[Result "1/2-1/2"]
[WhiteElo "1872"]
[BlackElo "1815"]
[PlyCount "47"]
[EventDate "2023.09.03"]
[EventType "team-tourn"]
[EventRounds "9"]
[EventCountry "GER"]
[WhiteTeam "Brühler SK 3"]
[BlackTeam "Turm Bergheim 1"]

1. c4 c5 2. Nc3 Nc6 3. g3 b6 4. Bg2 Bb7 5. d3 g6 6. e4 Bg7 7. Nge2 e6 8. O-O Nge7 9. Rb1 O-O 10. a3 d6 11. Kh1 Qd7 12. f4 Nd4 13. Nxd4 Bxd4 14. Ne2 Bg7 15. d4 Rad8 16. Be3 f5 17. Nc3 Qc8 18. dxc5 dxc5 19. Qc2 fxe4 20. Nxe4 Nf5 21. Rfe1 Nxe3 22. Rxe3 Bd4 23. Re2 e5 24. fxe5 1/2-1/2

[Event "SVM_Verbandsliga_West_2023-24"]
[Site "?"]
[Date "2023.12.10"]
[Round "4.4"]
[White "Buller, Ivan"]
[Black "Schottmüller, Christoph"]
[Result "1-0"]
[WhiteElo "1867"]
[BlackElo "1870"]
[PlyCount "87"]
[EventDate "2023.09.03"]
[EventType "team-tourn"]
[EventRounds "9"]
[EventCountry "GER"]
[WhiteTeam "Turm Bergheim 1"]
[BlackTeam "Brühler SK 3"]

1. e4 e5 2. Nf3 Nc6 3. d4 exd4 4. Nxd4 Nf6 5. Nxc6 bxc6 6. e5 Qe7 7. Qe2 Nd5 8. c4 Ba6 9. g3 Rb8 10. b3 g6 11. f4 Bg7 12. Qf2 Nb6 13. Bg2 O-O 14. O-O f6 15. Ba3 d6 16. exd6 cxd6 17. Re1 Qc7 18. Nd2 f5 19. Rad1 c5 20. Nf3 Bb7 21. Bb2 Bxb2 22. Qxb2 Nxc4 23. Qe2 Nb6 24. Qe6+ Kg7 25. Qxd6 Qxd6 26. Rxd6 Rbe8 27. Rxe8 Rxe8 28. Ne5 Bxg2 29. Kxg2 Rc8 30. a4 c4 31. bxc4 Nxc4 32. Rd7+ Kg8 33. Rxa7 Nxe5 34. fxe5 Rc5 35. e6 Re5 36. e7 Kf7 37. a5 Ke8 38. a6 Ra5 39. Kf3 Ra4 40. Ke3 g5 41. Ra8+ Kxe7 42. a7 Kf7 43. Rh8 Rxa7 44. Rxh7+ 1-0

[Event "SVM_Verbandsliga_West_2023-24"]
[Site "?"]
[Date "2023.12.10"]
[Round "4.1"]
[White "Romaker, Johann"]
[Black "Lambertz, Walter"]
[Result "1-0"]
[WhiteElo "1864"]
[BlackElo "1807"]
[PlyCount "50"]
[EventDate "2023.09.03"]
[EventType "team-tourn"]
[EventRounds "9"]
[EventCountry "GER"]
[WhiteTeam "Brühler SK 3"]
[BlackTeam "Turm Bergheim 1"]

1. d4 Nf6 2. Nf3 b6 3. c4 Bb7 4. e3 e6 5. Bd3 c5 6. O-O Be7 7. Nc3 O-O 8. Re1 Nc6 9. d5 Nb4 10. e4 Nxd3 11. Qxd3 exd5 12. Nxd5 Nxd5 13. exd5 d6 14. Bf4 Bf6 15. Re2 Bc8 16. h3 g5 17. Nxg5 Bxg5 18. Qg3 f6 19. h4 h6 20. hxg5 fxg5 21. Bxd6 Re8 22. Rae1 Rxe2 23. Rxe2 Bf5 24. Re7 Bg6 25. Qe5 Bf7 1-0

[Event "SVM_Verbandsliga_West_2023-24"]
[Site "?"]
[Date "2023.12.10"]
[Round "4.6"]
[White "Freese, Carsten"]
[Black "Jopek, Eugen"]
[Result "1-0"]
[WhiteElo "1708"]
[BlackElo "1819"]
[PlyCount "105"]
[EventDate "2023.09.03"]
[EventType "team-tourn"]
[EventRounds "9"]
[EventCountry "GER"]
[WhiteTeam "Turm Bergheim 1"]
[BlackTeam "Brühler SK 3"]

1. d4 d5 2. Nf3 Nf6 3. Bg5 Ne4 4. Bf4 c6 5. c3 Bf5 6. Qb3 Qb6 7. Nfd2 e6 8. h3 h5 9. e3 Nd7 10. Be2 Be7 11. Nxe4 Bxe4 12. O-O f6 13. Nd2 Bf5 14. Qxb6 axb6 15. f3 g5 16. Bg3 Bg6 17. e4 f5 18. exd5 exd5 19. Bd3 Kf7 20. a3 Rae8 21. Rae1 Bf6 22. Rxe8 Rxe8 23. Re1 Rc8 24. Bd6 c5 25. Bb5 Nf8 26. dxc5 bxc5 27. Nb3 b6 28. a4 c4 29. Nd4 Bxd4+ 30. cxd4 c3 31. Re7+ Kg8 32. bxc3 Rxc3 33. Be5 Bf7 34. Be8 Bxe8 35. Rg7+ Kh8 36. Rc7+ Kg8 37. Rg7+ Kh8 38. Rc7+ Kg8 39. Rxc3 Bxa4 40. Rc7 Nd7 41. Ra7 Bb5 42. Bc7 Bc4 43. Rb7 b5 44. Bd6 Nf6 45. Be5 Ne8 46. g3 Kf8 47. h4 gxh4 48. gxh4 Kg8 49. Kf2 Bd3 50. Kg3 Bc4 51. Kf4 Bd3 52. Kg5 Be2 53. f4 1-0

[Event "SVM_Verbandsliga_West_2023-24"]
[Site "?"]
[Date "2023.12.10"]
[Round "4.7"]
[White "Vladimirow, Anguel"]
[Black "Komanns, Christoph"]
[Result "1-0"]
[WhiteElo "1856"]
[BlackElo "1528"]
[PlyCount "37"]
[EventDate "2023.09.03"]
[EventType "team-tourn"]
[EventRounds "9"]
[EventCountry "GER"]
[WhiteTeam "Brühler SK 3"]
[BlackTeam "Turm Bergheim 1"]

1. g4 d5 2. Bg2 Bxg4 3. c4 c6 4. Qb3 Qc7 5. cxd5 cxd5 6. Nc3 Nf6 7. Nxd5 Nxd5 8. Bxd5 Nc6 9. Bxf7+ Kd8 10. Qd5+ Kc8 11. Be6+ Bxe6 12. Qxe6+ Kb8 13. Nf3 h6 14. d4 g5 15. Bd2 Bg7 16. Rc1 Bxd4 17. Nxd4 Nxd4 18. Rxc7 Nxe6 19. Rxe7 1-0

[Event "SVM_Verbandsliga_West_2023-24"]
[Site "?"]
[Date "2023.12.10"]
[Round "4.8"]
[White "Mirmoini, Arwin"]
[Black "Schmitz, Stephan"]
[Result "1-0"]
[WhiteElo "1347"]
[BlackElo "1758"]
[PlyCount "34"]
[EventDate "2023.09.03"]
[EventType "team-tourn"]
[EventRounds "9"]
[EventCountry "GER"]
[WhiteTeam "Turm Bergheim 1"]
[BlackTeam "Brühler SK 3"]

1. d4 d5 2. Nc3 Nf6 3. Bf4 c5 4. e4 Nxe4 5. Nxe4 dxe4 6. d5 Nd7 7. Qd2 g6 8. O-O-O Bg7 9. Bh6 O-O 10. h4 Nf6 11. f3 Qb6 12. Bxg7 Kxg7 13. g4 exf3 14. h5 Bxg4 15. hxg6 fxg6 16. Qh6+ Kg8 17. Bd3 Nxd5 1-0